Top 20 girl names Netherlands 2014 - Statistics

General Stats
  • This quiz has been taken 65 times
  • The average score is 9 of 20
Answer Stats
Hint Answer % Correct
S Sara
76%
S Sarah
76%
E Emma
73%
S Sophie
65%
Z Zoë
64%
A Anna
60%
I Isa
60%
L Lisa
51%
E Eva
49%
J Julia
42%
T Tess
42%
M Mila
36%
F Fleur
27%
N Noa
25%
F Fenna
24%
L Lieke
24%
E Evi
22%
L Lotte
22%
L Lynn
22%
S Saar
20%
No matching quizzes found
Score Distribution
Percent of People with Each Score
Percentile by Number Answered
Your Score History
You have not taken this quiz